000 00276nam a22001337a 4500
008 170810b xxu||||| |||| 00| 0 eng d
020 _a0444883444
041 _aeng
080 _a004
100 _a35
101 _aSHKI
245 _aVLSI 89
_cMUSGRAVE, G
942 _2udc
_cBK
999 _c23202
_d23202